00593cam a2200205 a 4500008004100000020002200041100002500063245006200088250001200150260003400162300003500196500002000231504004100251650002700292650002400319700001700343003000100360005001700361040000900378  a0750652241 (pbk.)1 aChristopher, Martin.00aMarketing logistics /cMartin Christopher and Helen Peck. a2nd ed. aAmsterdam :bElsevier,c2003. aviii, 158 p. :bill. ;c24 cm. aIncludes index. aIncludes bibliographical references. 0aMarketingxManagement. 0aBusiness logistics.1 aPeck, Helen.20230123125020.0 cNUST